000 00682nam a2200289Ia 4500
005 20260324113406.0
008 008 260324s9999 xx 000 0 eng d
020 _a9781003432517
037 _aEBOOK
040 _aCRL
040 _beng
040 _cCRL
041 _2eng
041 _aeng
084 _qCRL
100 _aIzram Chaudry
_91146588
245 0 _aBrAsian Family Practices and Reflexivity
245 0 _bBehind the Boxing Ropes
260 _bTaylor and Francis
260 _c2024
365 _a
365 _b230
856 _uhttp://www.taylorfrancis.com/books/9781003432517
942 _cEBOOK
999 _c1736212
_d1736212